Pain management in horses : Arno Lindner (editor).

Bibliographic Details
Other Authors: Lindner, Arno
Format: Book
Language:English
Published: Essen : Arbeitsgruppe Pferd, [2002]
Series:Questions & answers for the equine professional ; 2.
Subjects:

MARC

Tag First Indicator Second Indicator Subfields
LEADER 00000cam a2200000Ia 4500
001 in00004496913
005 20191203131021.0
008 030227s2002 gw a b 000 0 eng d
020 |a 3000089659 
035 |a (OCoLC)ocm51760716 
035 |z (UtOrBLW)34937 
035 |a 51230 
040 |a NTE  |c NTE  |d UtOrBLW 
049 |a TMVM  |c 1 
060 4 |a SF 910.P34  |b P1445 2002 
245 0 0 |a Pain management in horses :  |b Arno Lindner (editor). 
264 1 |a Essen :  |b Arbeitsgruppe Pferd,  |c [2002] 
300 |a 98 pages :  |b illustrations ;  |c 24 cm. +  |e 2 computer optical discs (4 3/4 in.) 
336 |a text  |2 rdacontent  |b txt 
337 |a unmediated  |2 rdamedia 
338 |a volume  |2 rdacarrier  |b nc 
490 1 |a Questions & answers for the equine professional ;  |v 2 
500 |a Accompanied by two CD-ROMS: Pain control during surgery; and, Pain control with acupuncture. Pain control via epidural anaesthesia. 
538 |a System requirements: IBM with Windows 95 or higher, or Macintosh. 
504 |a Includes bibliographical references (pages 90-96). 
505 0 |a What produces acute and chronic pain? How do we assess pain? -- Pharmacology of pain and analgesia -- Pain control in the horse with acupuncture -- Case presentations -- General discussion after practical course 
650 2 |a Horse Diseases  |x therapy. 
650 2 |a Pain  |x veterinary. 
650 2 |a Horses. 
650 2 |a Pain Measurement  |x veterinary. 
650 2 |a Anesthesia  |x veterinary. 
650 2 |a Acupuncture Analgesia. 
700 1 |a Lindner, Arno. 
830 0 |a Questions & answers for the equine professional ;  |v 2. 
999 |a MARS 
999 f f |s b52a2cec-001b-3ff7-9e8b-7239035d6846  |i 9069879d-23e6-3cdc-beba-8ff7ce613f43  |t 0 
952 f f |p preservation  |a Texas A&M University  |b J.J. Pickle Campus  |c High Density Repository  |d Remote Storage  |t 0  |e SF 910.P34 P1445 2002  |h National Library of Medicine classification  |i unmediated -- volume  |k CD-ROM  |m 323890174748D 
952 f f |p preservation  |a Texas A&M University  |b J.J. Pickle Campus  |c High Density Repository  |d Remote Storage  |t 0  |e SF 910.P34 P1445 2002  |h National Library of Medicine classification  |i unmediated -- volume  |k CD-ROM  |m 323890174749E 
952 f f |p preservation  |a Texas A&M University  |b J.J. Pickle Campus  |c High Density Repository  |d Remote Storage  |t 0  |e SF 910.P34 P1445 2002  |h National Library of Medicine classification  |i unmediated -- volume  |m 3238901755101 
998 f f |a SF 910.P34 P1445 2002  |t 0  |l Remote Storage